000 01202nam a2200301 i 4500
003 EG-GICUC
005 20260209214041.0
008 260209s1993 ua ||||fr|||| 00| 0 ara d
017 _a1993/3043
040 _a EG-GICUC
_bara
_c EG-GICUC
_d EG-GICUC
_erda
041 _aara
082 0 4 _a343.384
_bج م . ط
_221
092 0 4 _221
099 _aLaw1 10 343.384 ج م . ط 1993 15995
100 0 _aجميل عبد الباقي الصغير
_eمؤلف.
245 1 0 _aطرق الطعن في الأحكام الجنائية :
_bالمعارضة والاستئناف /
_cتأليف الدكتور جميل عبد الباقي الصغير.
264 1 _aالقاهرة :
_bدار النهضة العربية،
_c1993 .
300 _a156 ؛ صفحة
_c24 سم
_bإيضاحيات، صور، مثيليات ؛
336 _2rda content
_atext
337 _2rda media
_aComputer
338 _2rda carrier
_aOnline Resource
504 _aيشتمل على إرجاعات ببليوجرافية
650 1 _aطرق الطعن في الأحكام الجنائية
_2qrmak
651 1 _2qrmak
856 4 0 _uhttps://fll.law.cu.edu.eg/fulltext/bks/B10-05995.pdf
905 _a18
942 _2ddc
_cBK
_e21
_n0
999 _c62171
_d62171